Constance Winter's choice /

Bibliographic Details
Main Author: Beckwith, Anna Louis
Format: Microform Book
Language:English
Published: Chicago ; New York : Rand McNally, 1891.

MARC

Tag First Indicator Second Indicator Subfields
LEADER 00000cam a2200000 a 4500
001 in00000756521
005 20151016161126.0
007 hd afa014baca
008 830912s1891 ctu a 00011 eng d
035 |a (OCoLC)09899363 
035 |9 ADJ1521AM 
040 |a GUA  |c LWS  |d UtOrBLW 
049 |a TXAI 
090 |a PS15 
099 |a film  |a B  |a 1551 
100 1 |a Beckwith, Anna Louis. 
245 1 0 |a Constance Winter's choice /  |c Anna Louis Beckwith. 
264 1 |a Chicago ;  |a New York :  |b Rand McNally,  |c 1891. 
300 |a 170 pages 
336 |a text  |b txt  |2 rdacontent 
337 |a microform  |b h  |2 rdamedia 
338 |a microfilm reel  |b hd  |2 rdacarrier 
533 |a Microfilm.  |b Woodbridge, Conn. :  |c Research Publications,  |d 1970-1978.  |e 1 microfilm reel ; 35 mm.  |f (Wright American fiction ; v.3 (1876-1900), reel B-34, no. 440) 
500 |a Microform. 
999 |a MARS 
999 f f |s dfd3f2c6-d7ee-3c50-95db-4a455f9b8fea  |i 8ff4b617-9f52-30a4-ac85-f3212d0ead53  |t 0 
952 f f |p default  |a Texas A&M University  |b College Station  |c Sterling C. Evans Library  |d Evans: Microforms (3rd floor)  |t 0  |e film B 1551 v.3 reel B-34 no.440  |h Other scheme  |i microform -- microfilm reel 
998 f f |a film B 1551 v.3 reel B-34 no.440  |t 0  |l Evans: Microforms (3rd floor)